Missing Word: 'P' #1s Quiz Stats

 Plays Quiz Updated Dec 12, 2013

Support Sporcle.
Go Orange.
Score 0/20 Timer 03:00
1 Play Today
Single Title 'P' Word % Correct
American ____Pie
91.8%
Livin' on a ____Prayer
91.8%
____ Don't GoPlease
90.6%
____ Was a Rollin' StonePapa
84.8%
Boom Boom ____Pow
83.6%
Papa Don't ____Preach
82.2%
____ It, BlackPaint
80.5%
____ of MePart
78.9%
The ____ of LovePower
71.1%
Please Mr. ____Postman
67.4%
Single Title 'P' Word % Correct
MacArthur ____Park
58.5%
Mo Money Mo ____Problems
58.1%
____ FreedomPhiladelphia
40.2%
El ____Paso
38.2%
____ EyesPrivate
37.5%
____ Little FoolPoor
36.9%
____ MuzikPop
36.5%
My ____Prerogative
26.4%
____ Twist - Part 1Peppermint
20.9%
____ of a New DayPromise
17.5%

Today's Daily Dose

Missing Word
50 Cent Songs

Word Ladder
Close Gunshot

Quick Pick
Pop Punk Bands

Get the Picture
An 'S' in Disney

From the Vault

Celebrities in the Kitchen II

by Nacchi

We'd love to see if they know how much the ingredients cost.
Remove Ads.
Support Sporcle.
Get the best of Sporcle when you Go Orange. This ad-free experience offers more features, more stats, and more fun while also helping to support Sporcle. Thank you for becoming a member.

Show Comments

Extras

Top Quizzes Today


Score Distribution

Your Account Isn't Verified!

In order to create a playlist on Sporcle, you need to verify the email address you used during registration. Go to your Sporcle Settings to finish the process.

Report this User

Report this user for behavior that violates our Community Guidelines.

Details: